<?xml version="1.0" encoding="UTF-8"?>
<record
    xmlns:xsi="http://www.w3.org/2001/XMLSchema-instance"
    xsi:schemaLocation="http://www.loc.gov/MARC21/slim http://www.loc.gov/standards/marcxml/schema/MARC21slim.xsd"
    xmlns="http://www.loc.gov/MARC21/slim">

  <leader>01976nam0a2200325   4500</leader>
  <controlfield tag="001">RU\NLR\bibl\484086</controlfield>
  <controlfield tag="005">20260407093525.0</controlfield>
  <datafield tag="021" ind1=" " ind2=" ">
    <subfield code="a">RU</subfield>
    <subfield code="b">2003-29570&#x43F;</subfield>
    <subfield code="9">1155</subfield>
  </datafield>
  <datafield tag="035" ind1=" " ind2=" ">
    <subfield code="a">(NLR Aleph) 000476822</subfield>
  </datafield>
  <datafield tag="090" ind1=" " ind2=" ">
    <subfield code="a">1028551</subfield>
    <subfield code="c">1028551</subfield>
  </datafield>
  <datafield tag="100" ind1=" " ind2=" ">
    <subfield code="a">20040128d2003    |||y0rusy50      ca</subfield>
  </datafield>
  <datafield tag="101" ind1="0" ind2=" ">
    <subfield code="a">rus</subfield>
  </datafield>
  <datafield tag="102" ind1=" " ind2=" ">
    <subfield code="a">RU</subfield>
  </datafield>
  <datafield tag="105" ind1=" " ind2=" ">
    <subfield code="a">a   |||||||||</subfield>
  </datafield>
  <datafield tag="200" ind1="1" ind2=" ">
    <subfield code="a">&#x424;&#x435;&#x434;&#x435;&#x440;&#x430;&#x43B;&#x44C;&#x43D;&#x430;&#x44F; &#x446;&#x435;&#x43B;&#x435;&#x432;&#x430;&#x44F; &#x43F;&#x440;&#x43E;&#x433;&#x440;&#x43C;&#x43C;&#x430; "&#x41F;&#x435;&#x440;&#x435;&#x445;&#x43E;&#x434; &#x43A; &#x43A;&#x43E;&#x43C;&#x43F;&#x43B;&#x435;&#x43A;&#x442;&#x43E;&#x432;&#x430;&#x43D;&#x438;&#x44E; &#x432;&#x43E;&#x435;&#x43D;&#x43D;&#x43E;&#x441;&#x43B;&#x443;&#x436;&#x430;&#x449;&#x438;&#x43C;&#x438;, &#x43F;&#x440;&#x43E;&#x445;&#x43E;&#x434;&#x44F;&#x449;&#x438;&#x43C;&#x438; &#x432;&#x43E;&#x435;&#x43D;&#x43D;&#x443;&#x44E; &#x441;&#x43B;&#x443;&#x436;&#x431;&#x443; &#x43F;&#x43E; &#x43A;&#x43E;&#x43D;&#x442;&#x440;&#x430;&#x43A;&#x442;&#x443;, &#x440;&#x44F;&#x434;&#x430; &#x441;&#x43E;&#x435;&#x434;&#x438;&#x43D;&#x435;&#x43D;&#x438;&#x439; &#x438; &#x432;&#x43E;&#x438;&#x43D;&#x441;&#x43A;&#x438;&#x445; &#x447;&#x430;&#x441;&#x442;&#x435;&#x439;" &#x43D;&#x430; 2004-2007 &#x433;&#x43E;&#x434;&#x44B;</subfield>
    <subfield code="e">&#x423;&#x442;&#x432;. &#x43F;&#x43E;&#x441;&#x442;&#x430;&#x43D;&#x43E;&#x432;&#x43B;&#x435;&#x43D;&#x438;&#x435;&#x43C; &#x41F;&#x440;&#x430;&#x432;&#x438;&#x442;&#x435;&#x43B;&#x44C;&#x441;&#x442;&#x432;&#x430; &#x420;&#x43E;&#x441;. &#x424;&#x435;&#x434;&#x435;&#x440;&#x430;&#x446;&#x438;&#x438; &#x43E;&#x442; 25 &#x430;&#x432;&#x433;. 2003 &#x433;. N 523</subfield>
  </datafield>
  <datafield tag="210" ind1=" " ind2=" ">
    <subfield code="a">&#x41C;.</subfield>
    <subfield code="c">&#x412;&#x43E;&#x435;&#x43D;&#x438;&#x43D;&#x444;&#x43E;&#x440;&#x43C;</subfield>
    <subfield code="d">2003</subfield>
  </datafield>
  <datafield tag="215" ind1=" " ind2=" ">
    <subfield code="a">68 &#x441;.</subfield>
    <subfield code="c">&#x438;&#x43B;.</subfield>
    <subfield code="d">29</subfield>
  </datafield>
  <datafield tag="225" ind1="1" ind2=" ">
    <subfield code="a">&#x412;&#x43E;&#x435;&#x43D;&#x43D;&#x44B;&#x435; &#x43A;&#x43E;&#x43C;&#x438;&#x441;&#x441;&#x430;&#x440;&#x438;&#x430;&#x442;&#x44B;</subfield>
    <subfield code="e">&#x418;&#x43D;&#x444;&#x43E;&#x440;&#x43C;. &#x431;&#x44E;&#x43B;.</subfield>
    <subfield code="v">N 4(16): &#x421;&#x43F;&#x435;&#x446;. &#x432;&#x44B;&#x43F;.</subfield>
  </datafield>
  <datafield tag="300" ind1=" " ind2=" ">
    <subfield code="a">&#x41E;&#x43F;&#x438;&#x441;&#x430;&#x43D;&#x43E; &#x43F;&#x43E; 3-&#x439; &#x441;. &#x41D;&#x430; &#x442;&#x438;&#x442;.&#x43B;. &#x438; &#x43E;&#x431;&#x43B;. &#x442;&#x43E;&#x43B;&#x44C;&#x43A;&#x43E; &#x437;&#x430;&#x433;&#x43B;. &#x441;&#x435;&#x440;.</subfield>
  </datafield>
  <datafield tag="601" ind1="0" ind2="1">
    <subfield code="a">&#x420;&#x43E;&#x441;&#x441;&#x438;&#x439;&#x441;&#x43A;&#x430;&#x44F; &#x424;&#x435;&#x434;&#x435;&#x440;&#x430;&#x446;&#x438;&#x44F;</subfield>
    <subfield code="b">&#x412;&#x43E;&#x43E;&#x440;&#x443;&#x436;&#x435;&#x43D;&#x43D;&#x44B;&#x435; &#x441;&#x438;&#x43B;&#x44B;</subfield>
    <subfield code="x">&#x41B;&#x438;&#x447;&#x43D;&#x44B;&#x439; &#x441;&#x43E;&#x441;&#x442;&#x430;&#x432;</subfield>
    <subfield code="x">&#x41F;&#x440;&#x43E;&#x445;&#x43E;&#x436;&#x434;&#x435;&#x43D;&#x438;&#x435; &#x432;&#x43E;&#x435;&#x43D;&#x43D;&#x43E;&#x439; &#x441;&#x43B;&#x443;&#x436;&#x431;&#x44B; &#x43F;&#x43E; &#x43A;&#x43E;&#x43D;&#x442;&#x440;&#x430;&#x43A;&#x442;&#x443;</subfield>
    <subfield code="9">2095581</subfield>
    <subfield code="3">RU\NLR\AUTH\661267948</subfield>
  </datafield>
  <datafield tag="601" ind1="0" ind2="1">
    <subfield code="a">&#x420;&#x43E;&#x441;&#x441;&#x438;&#x439;&#x441;&#x43A;&#x430;&#x44F; &#x424;&#x435;&#x434;&#x435;&#x440;&#x430;&#x446;&#x438;&#x44F;</subfield>
    <subfield code="b">&#x412;&#x43E;&#x43E;&#x440;&#x443;&#x436;&#x435;&#x43D;&#x43D;&#x44B;&#x435; &#x441;&#x438;&#x43B;&#x44B;</subfield>
    <subfield code="x">&#x41A;&#x43E;&#x43C;&#x43F;&#x43B;&#x435;&#x43A;&#x442;&#x43E;&#x432;&#x430;&#x43D;&#x438;&#x435;</subfield>
    <subfield code="9">2267655</subfield>
    <subfield code="3">RU\NLR\AUTH\6601588632</subfield>
  </datafield>
  <datafield tag="686" ind1="1" ind2=" ">
    <subfield code="a">&#x426;4,6(2&#x420;)23</subfield>
  </datafield>
  <datafield tag="710" ind1="0" ind2="2">
    <subfield code="a">"&#x41F;&#x435;&#x440;&#x435;&#x445;&#x43E;&#x434; &#x43A; &#x43A;&#x43E;&#x43C;&#x43F;&#x43B;&#x435;&#x43A;&#x442;&#x43E;&#x432;&#x430;&#x43D;&#x438;&#x44E; &#x432;&#x43E;&#x435;&#x43D;&#x43D;&#x43E;&#x441;&#x43B;&#x443;&#x436;&#x430;&#x449;&#x438;&#x43C;&#x438;, &#x43F;&#x440;&#x43E;&#x445;&#x43E;&#x434;&#x44F;&#x449;&#x438;&#x43C;&#x438; &#x432;&#x43E;&#x435;&#x43D;&#x43D;&#x443;&#x44E; &#x441;&#x43B;&#x443;&#x436;&#x431;&#x443; &#x43F;&#x43E; &#x43A;&#x43E;&#x43D;&#x442;&#x440;&#x430;&#x43A;&#x442;&#x443;, &#x440;&#x44F;&#x434;&#x430; &#x441;&#x43E;&#x435;&#x434;&#x438;&#x43D;&#x435;&#x43D;&#x438;&#x439; &#x438; &#x447;&#x430;&#x441;&#x442;&#x435;&#x439;", &#x444;&#x435;&#x434;&#x435;&#x440;&#x430;&#x43B;&#x44C;&#x43D;&#x430;&#x44F; &#x446;&#x435;&#x43B;&#x435;&#x432;&#x430;&#x44F; &#x43F;&#x440;&#x43E;&#x433;&#x440;&#x430;&#x43C;&#x43C;&#x430;</subfield>
    <subfield code="c">2004-2007; &#x420;&#x424;</subfield>
    <subfield code="3">RU\NLR\AUTH\8810051184</subfield>
    <subfield code="9">602646</subfield>
  </datafield>
  <datafield tag="801" ind1=" " ind2="0">
    <subfield code="a">RU</subfield>
    <subfield code="b">NLR</subfield>
    <subfield code="c">20040128</subfield>
    <subfield code="g">PSBO</subfield>
  </datafield>
  <datafield tag="801" ind1=" " ind2="1">
    <subfield code="a">RU</subfield>
    <subfield code="b">NLR</subfield>
    <subfield code="c">20040128</subfield>
  </datafield>
  <datafield tag="852" ind1=" " ind2=" ">
    <subfield code="a">NLR</subfield>
    <subfield code="j">&#x41F;11/4399</subfield>
  </datafield>
  <datafield tag="942" ind1=" " ind2=" ">
    <subfield code="c">BOOK</subfield>
  </datafield>
  <datafield tag="980" ind1=" " ind2=" ">
    <subfield code="a">NB</subfield>
  </datafield>
  <datafield tag="995" ind1=" " ind2=" ">
    <subfield code="5">2013-10-26</subfield>
    <subfield code="b">NLR01</subfield>
    <subfield code="c">NLR01</subfield>
    <subfield code="e">RJF</subfield>
    <subfield code="f">476822-10</subfield>
    <subfield code="k">&#x41F;11/4399</subfield>
    <subfield code="o">0</subfield>
    <subfield code="r">BOOK</subfield>
    <subfield code="s">114399_</subfield>
  </datafield>
</record>
